00495nam a2200193Ia 4500003000900000008004100009040001300050040001300063041000900076100002700085100000900112245010000121250001000221260003400231260000900265300001100274300001000285490000600295IT-RoPAU120407s9999 xx 000 0 und d aIT-RoPAU cIT-RoPAU alat  aHenricus A S. Theresis cccd. aNotio Sacrificii in comuni, in syntesi S. Thomae. (Extractus ex Period. teresianum 1934, maio.) aRomae aApud Collegium Internazionale c1934 a178 p. c24 cm v1